Tratado de hipnosis (Record no. 148210)

MARC details
000 -LEADER
campo de control de longitud fija 00651nam a2200193 4500
001 - NÚMERO DE CONTROL
campo de control 148210
003 - IDENTIFICADOR DE NÚMERO DE CONTROL
campo de control ES-MaACL
005 - FECHA Y HORA DE LA ÚLTIMA TRANSACCIÓN
campo de control 20230906202508.0
007 - CAMPO FIJO DE DESCRIPCIÓN FÍSICA--INFORMACIÓN GENERAL
campo de control de longitud fija t|
008 - DATOS DE LONGITUD FIJA--INFORMACIÓN GENERAL
campo de control de longitud fija 070214s1967 sp r ||||1| spa d
100 1# - ENTRADA PRINCIPAL--NOMBRE DE PERSONA
Nombre de persona Stokvis, Berthold.
9 (RLIN) 108283
245 10 - MENCIÓN DEL TÍTULO
Título Tratado de hipnosis
Resto del título : introducción a la Sofrología /
Mención de responsabilidad, etc. Berthold Stokvis, S. Montserrat Esteve ; [traducida por Ch. Ossmann].
250 ## - MENCION DE EDICION
Mención de edición [1ª ed.].
260 ## - PUBLICACIÓN, DISTRIBUCIÓN, ETC.
Lugar de publicación, distribución, etc. [Barcelona] :
Nombre del editor, distribuidor, etc. Scientia,
Fecha de publicación, distribución, etc. 1967 (
Fabricante Estrada)
300 ## - DESCRIPCIÓN FÍSICA
Extensión XXIV, 288 p., 8 lám. ;
Dimensiones 26 cm.
700 1# - ENTRADA AGREGADA--NOMBRE PERSONAL
Nombre de persona Montserrat Esteve, Santiago.
9 (RLIN) 82744
700 1# - ENTRADA AGREGADA--NOMBRE PERSONAL
Nombre de persona Ossmann, Ch.
9 (RLIN) 87792
852 ## - LOCALIZACIÓN
Ubicación ES-MaACL
Número de control de estantería C-33718
Sublocalización o colección R.64514
Holdings
Estatus retirado Estado de pérdida Estado de daño No para préstamo Biblioteca de origen Biblioteca actual Ubicación en estantería Fecha de adquisición Fuente de adquisición Total de préstamos Signatura topográfica completa Código de barras Visto por última vez Precio de reemplazo Tipo de ítem Koha
        Biblioteca del Ateneo de Madrid Biblioteca del Ateneo de Madrid Depósito 2 17/01/2008     C-33718 1154672 23/02/2023 23/02/2023 Libro impreso